Fed Cup Champions - Statistics

General Stats
  • This quiz has been taken 14 times
  • The average score is 8 of 11
Answer Stats
Victories Country % Correct
17 United States
93%
2 France
86%
4 Italy
86%
4 Russia
86%
5 Spain
86%
2 West Germany/ Germany
86%
7 Australia
71%
1 Belgium
64%
9 Czechoslovakia/ Czech Republic
64%
1 South Africa
50%
1 Slovakia
36%
No matching quizzes found
Score Distribution
Percent of People with Each Score
Percentile by Number Answered
Your Score History
You have not taken this quiz